Tanzimat Dönemi Yazarları - Statistics

General Stats
  • This quiz has been taken 243 times
  • The average score is 5 of 10
Answers on the Grid
Answers color-coded by a green-red scale on the quiz's grid according to % correct below.
Ahmet Mithat
Hüseyin Rahmi Gürpınar
Halit Ziya Uşaklıgil
Nabidaze Nazım
Recaizade Mahmut Ekrem
Ömer Seyfettin
Samipaşazade Sezai
Yakup Kadri Karaosmanoğlu
Emin Nihat
Refik Halit Karay
Reşat Nuri Güntekin
Şinasi
Ahmet Vefik
Abdülhak Hamit Tarhan
Sait Faik Abasıyanık
Ahmet Cevdet
Halide Edip Adıvar
Namık Kemal
 
Answer Stats
Answer % Correct
Ahmet Mithat
77%
Recaizade Mahmut Ekrem
61%
Namık Kemal
56%
Şinasi
52%
Samipaşazade Sezai
50%
Nabidaze Nazım
47%
Ahmet Vefik
44%
Abdülhak Hamit Tarhan
42%
Ahmet Cevdet
33%
Emin Nihat
27%
No matching quizzes found
Score Distribution
Percent of People with Each Score
Percentile by Number Answered
Your Score History
You have not taken this quiz